Psychosocial - Slipknot (All Lyrics) - Statistics

General Stats
  • This quiz has been taken 49 times
  • The average score is 214 of 316
Answer Stats
Answer % Correct
a
100%
and
100%
And
100%
I
100%
The
100%
the
100%
in,
91%
in
91%
me
91%
no
91%
one
91%
one!
91%
wall
91%
again
88%
Psychosocial!
88%
(psychosocial!)
88%
(Psychosocial!)
88%
will
88%
against
85%
all
85%
kill
85%
rain
85%
Throw
85%
throw
85%
us
85%
of
82%
see
82%
else
79%
my
79%
ourselves
79%
when
79%
can
76%
out
76%
So
76%
so
76%
time,
76%
did
74%
martyr
74%
not
74%
want
74%
want?
74%
you
74%
you,
74%
I'm
68%
it
68%
Oh,
68%
we
68%
We
68%
yeah!
68%
your
68%
Your
68%
Go
65%
only
65%
preservation
65%
But
62%
but
62%
is
59%
Is
59%
reckoning,
59%
sickening
59%
to
56%
doesn't
53%
dig
50%
graves
50%
soul
50%
cut
47%
Then
47%
are
44%
dead!
44%
done,
44%
done
44%
limits
44%
vibrant
44%
what
44%
effusive
41%
money
41%
save
41%
there
41%
This
41%
this
41%
mouth
38%
perversion
38%
with
38%
had
35%
has
35%
Ooh,
35%
subversion
35%
was
35%
begun
32%
cracks
32%
deserts
32%
fill
32%
getting
32%
have
32%
new
32%
nothing
32%
smaller
32%
Who
32%
could
29%
drill
29%
fade,
29%
gone
29%
Sinking
29%
where
29%
it's
26%
Just
26%
mad
26%
over
26%
Packaging
26%
purple
26%
say
26%
secrets
26%
tell
26%
there's
26%
we're
26%
eyes
24%
Fake
24%
giving
24%
Now
24%
think
24%
emptiness
21%
fell
21%
lie
21%
look
21%
Pseudo-sacrosanct
21%
start
21%
tried
21%
wrong
21%
another
18%
Can't
18%
hate
18%
hearts
18%
killed
18%
mess?
18%
needs
18%
road
18%
stop
18%
If
15%
killing
15%
season
15%
anti-fascist
12%
hunting
12%
temple
12%
idea
9%
insipid
9%
laid
9%
Venomous,
6%
No matching quizzes found
Score Distribution
Percent of People with Each Score
Percentile by Number Answered
Your Score History
You have not taken this quiz